000 00299nam a22001337a 4500
008 170606b xxu||||| |||| 00| 0 eng d
020 _a9780072825770
041 _aeng
080 _24TH
_a94
100 _a18
101 _aSHH
245 _aREADINGS IN SOCIAL THEORY
_cFARGAINS,J
942 _2udc
_cBK
999 _c16046
_d16046